Advances in Carbohydrate Chemistry and Biochemistry /

Advances in Carbohydrate Chemistry and Biochemistry, Volume 86 in this series, highlights new advances in the field, with this new volume presenting interesting chapters written by an international board of authors.- Provides the authority and expertise of leading contributors from an international...

Full description

Bibliographic Details
Main Author: Baker, David C., 1946- (Author)
Corporate Author: ScienceDirect (Online service)
Format: eBook
Language:English
Published: Amsterdam, Netherlands : Elsevier Inc., [2024]
Edition:First edition.
Series:Advances in Carbohydrate Chemistry and Biochemistry Series.
Subjects:
Online Access:Connect to the full text of this electronic book

MARC

Tag First Indicator Second Indicator Subfields
LEADER 00000cam a2200000 i 4500
001 in00005774449
005 20260327181130.8
006 m o d
007 cr |||||||||||
008 250112s2024 ne ob 001 0 eng d
040 |a SFB  |b eng  |e rda  |e pn  |c SFB  |d UPM  |d OCLCO 
020 |a 9780443297311 
020 |a 0443297312 
020 |a 9780443297304 
020 |a 0443297304 
035 |a (OCoLC)1493039087 
050 4 |a QD321  |b .B354 2024 
082 0 4 |a 547.78  |2 23 
049 |a TXAM 
100 1 |a Baker, David C.,  |d 1946-  |e author.  |1 https://id.oclc.org/worldcat/entity/E39PCjx68THJ3bkPPHkTgJf8YP 
245 1 0 |a Advances in Carbohydrate Chemistry and Biochemistry /  |c David C. Baker. 
250 |a First edition. 
264 1 |a Amsterdam, Netherlands :  |b Elsevier Inc.,  |c [2024] 
264 4 |c ©2024 
300 |a 1 online resource (100 pages). 
336 |a text  |b txt  |2 rdacontent 
337 |a computer  |b c  |2 rdamedia 
338 |a online resource  |b cr  |2 rdacarrier 
490 1 |a Advances in Carbohydrate Chemistry and Biochemistry Series ;  |v Volume 86 
504 |a Includes bibliographical references and index. 
520 |a Advances in Carbohydrate Chemistry and Biochemistry, Volume 86 in this series, highlights new advances in the field, with this new volume presenting interesting chapters written by an international board of authors.- Provides the authority and expertise of leading contributors from an international board of authors- Presents the latest release in Advances in Carbohydrate Chemistry and Biochemistry serials- Updated release includes the latest information in the field. 
588 |a Description based on publisher supplied metadata and other sources. 
588 |a Description based on print version record. 
650 0 |a Carbohydrates. 
650 6 |a Glucides. 
650 7 |a carbohydrate.  |2 aat 
655 7 |a Electronic books.  |2 local 
710 2 |a ScienceDirect (Online service) 
830 0 |a Advances in Carbohydrate Chemistry and Biochemistry Series. 
856 4 0 |u http://proxy.library.tamu.edu/login?url=https://www.sciencedirect.com/science/bookseries/00652318/86  |z Connect to the full text of this electronic book  |t 0 
936 |a BATCHLOAD 
955 |a Elsevier ScienceDirect 2026-2027 
994 |a 92  |b TXA 
999 f f |i 764c0309-de02-496a-b3b2-ec6b490293ba  |s 773ca607-370b-4a28-8a8c-58f271a34043  |t 0 
952 f f |a Texas A&M University  |b College Station  |c Electronic Resources  |s www_evans  |d Available Online  |t 0  |e QD321 .B354 2024  |h Library of Congress classification 
998 f f |a QD321 .B354 2024  |t 0  |l Available Online